Sports Quiz

Random Sports or Baseball Quiz

Merging Teams Quiz Stats

Quiz not verified by Sporcle

Challenge
Share
Tweet
Embed
Score 0/17 Timer 07:00
0 Plays Today
First Team Second Team % Correct
Miami DolphinsMiami Heat
89.9%
Pittsburgh PenguinsOrlando Magic
85.9%
St. Louis CardinalsOklahoma City Thunder
81.8%
Atlanta FalconsCincinnati Bengals
77.8%
Kansas City RoyalsLos Angeles Kings
76.8%
Indiana PacersLos Angeles Lakers
74.7%
New Orleans HornetsSeattle Seahawks
73.7%
Los Angeles Angels of AnaheimNew Jersey Devils
73.7%
New England PatriotsMontreal Canadians
67.7%
First Team Second Team % Correct
Charlotte BobcatsCalgary Flames
65.7%
Dallas StarsSeattle Mariners
64.6%
St. Louis RamsKansas City Chiefs
60.6%
Milwaukee BucksIndianapolis Colts
60.6%
Boston Red SoxNew York Yankees
60.6%
Ottawa SenatorsColorado Avalanche
56.6%
Detroit LionsAtlanta Braves
38.4%
Colorado RockiesWashington Nationals
34.3%

You're not logged in!

Compare scores with friends on all Sporcle quizzes.
Sign Up with Email
OR
Log In

You Might Also Like...

Show Comments

Extras

Top Quizzes Today


Score Distribution

Your Account Isn't Verified!

In order to create a playlist on Sporcle, you need to verify the email address you used during registration. Go to your Sporcle Settings to finish the process.